Countries With The Most Medals Each Olympic games - Statistics

General Stats
  • This quiz has been taken 34 times
    14 since last reset
  • The average score is 28 of 30
Answer Stats
Year Country % Correct
1900 France
100%
1936 Germany
100%
1956 Soviet Union
100%
1960 Soviet Union
100%
1980 Soviet Union
100%
1988 Soviet Union
100%
1896 USA
100%
1904 USA
100%
1912 USA
100%
1920 USA
100%
1924 USA
100%
1928 USA
100%
1932 USA
100%
1948 USA
100%
1952 USA
100%
1964 USA
100%
1968 USA
100%
1984 USA
100%
2008 China
92%
1976 Soviet Union
92%
1996 USA
92%
2000 USA
92%
2004 USA
92%
2012 USA
92%
2016 USA
92%
2020 USA
92%
2024 USA
92%
1908 UK
85%
1972 Soviet Union
46%
1992 United Team
8%
No matching quizzes found
Score Distribution
Percent of People with Each Score
Percentile by Number Answered
Your Score History
You have not taken this quiz since the last reset